000 00854cam a22003013a 4500
001 883
003 PGUSA
005 20140828082954.0
008 060427s2006||||xxu|||||s|||||000 1 eng d
040 _aPGUSA
_beng
042 _adc
050 4 _aPR
100 1 _aDickens, Charles,
_d1812-1870
245 1 0 _aOur Mutual Friend
_h[electronic resource] /
_cCharles Dickens
260 _bProject Gutenberg,
_c2006
506 _aPublic domain in the USA.
516 _aElectronic text
653 _aDeception -- Fiction
653 _aSocial classes -- Fiction
653 _aInheritance and succession -- Fiction
653 _aLove stories
653 _aSatire
653 _aLondon (England) -- Fiction
653 _aPoor families -- Fiction
830 0 _aProject Gutenberg
_v883
856 4 0 _uhttp://www.gutenberg.org/ebooks/883
942 _cEB
999 _c230234
_d230234